| 000 | 00765nam a22002057a 4500 | ||
|---|---|---|---|
| 999 |
_c11642 _d11642 |
||
| 003 | AR-CdUCM | ||
| 008 | 190404b ||||| |||| 00| 0 spa d | ||
| 040 |
_aMUNICIPALIDAD PROVINCIAL DEL CUSCO _cBIBLIOTECA MUNICIPAL DEL CUSCO |
||
| 082 |
_a343.333 / _bB38 / 1923 |
||
| 100 |
_aBenvenutto, Neptali _929100 |
||
| 245 | _aParlamentarios del Perú contemporáneo 1904 -- 1923 / | ||
| 260 |
_aLima : _bMalatesta, _c1923. |
||
| 300 |
_a226 páginas ; _c23 cm. |
||
| 505 | _aContenido : Prologo -- Presentación -- Escenario político -- Manuel Candamo -- Dr. Antonio Miro Quesada -- Dr. Javier Prado y Ugarteche ... | ||
| 650 |
_aParlamentarios _929101 |
||
| 650 |
_aContemporáneo _9512 |
||
| 650 |
_aPerú _935 |
||
| 942 |
_2ddc _cLIBROS |
||
| 945 |
_arah _d04/04/2019 |
||